[Event "Olympiad-41"]
[Site "Tromsoe"]
[Date "2014.08.09"]
[Round "7.3"]
[White "Tsang, Hon Ki"]
[Black "Makem, Pierre"]
[Result "1-0"]
[WhiteElo "2111"]
[BlackElo "1928"]
[PlyCount "111"]
[EventDate "2014.08.02"]
[EventType "team-swiss"]
[EventRounds "11"]
[EventCountry "NOR"]
[SourceTitle "CBM 162"]
[Source "ChessBase"]
[SourceDate "2014.09.17"]
[SourceVersion "1"]
[SourceVersionDate "2014.09.17"]
[SourceQuality "1"]
[WhiteTeam "Hong Kong"]
[BlackTeam "Cameroon"]
[WhiteTeamCountry "HKG"]
[BlackTeamCountry "CAM"]

1. e4 d6 2. d4 Nf6 3. Nc3 Nbd7 4. f4 c5 5. d5 e6 6. dxe6 fxe6 7. Nf3 a6 8. a4 Be7 9. Be2 0-0 10. 0-0 Nb8 11. e5 Ne8 12. Ne4 d5 13. Neg5 h6 14. Bd3 hxg5 15. Nxg5 Bxg5 16. fxg5 Rxf1+ 17. Qxf1 Nc6 18. g6 Nxe5 19. Bf4 Nxd3 20. Bg5 Nf6 21. Qxd3 e5 22. Rf1 Qd6 23. Bxf6 gxf6 24. Qf3 f5 25. Qh5 Qf6 26. Rf3 Qg7 27. Qg5 Be6 28. Rh3 Rf8 29. Rh7 Qf6 30. Qh5 Qg7 31. Rxg7+ Kxg7 32. Qh7+ Kf6 33. h4 Rg8 34. h5 f4 35. Qxb7 Rh8 36. Qxa6 Rxh5 37. Qd6 Rg5 38. Kf2 e4 39. a5 Kf5 40. a6 Rxg6 41. Qf8+ Kg4 42. a7 e3+ 43. Ke1 Rg8 44. Qxg8+ Bxg8 45. a8Q Be6 46. Qf8 c4 47. Qf6 Bf5 48. Qg7+ Kh4 49. Qe5 Kg4 50. Qxd5 c3 51. Qg8+ Kh4 52. bxc3 Bxc2 53. Ke2 Be4 54. c4 Bf5 55. Kf3 Be4+ 56. Kxf4 1-0

[Event "Hong Kong-ch"]
[Site "Hong Kong"]
[Date "2014.05.04"]
[Round "8"]
[White "Chong, Chor Yuen"]
[Black "Tsang, Hon Ki"]
[Result "0-1"]
[WhiteElo "2028"]
[BlackElo "2116"]
[PlyCount "154"]
[EventDate "2014.03.17"]
[EventType "tourn"]
[EventRounds "11"]
[EventCountry "HKG"]
[SourceTitle "EXT 2018"]
[Source "ChessBase"]
[SourceDate "2017.10.13"]
[SourceVersion "1"]
[SourceVersionDate "2017.10.13"]
[SourceQuality "1"]

1. e4 Nf6 2. e5 Nd5 3. d4 d6 4. Nf3 dxe5 5. Nxe5 c6 6. Bd3 Nd7 7. Nf3 g6 8. 0-0 Bg7 9. c4 Nc7 10. Nc3 0-0 11. Re1 Ne6 12. Be3 Nb6 13. Ne2 f5 14. a4 f4 15. Bd2 Nd7 16. Qb3 Ndc5 17. Qc2 Nxd3 18. Qxd3 Nxd4 19. Nexd4 c5 20. Qa3 cxd4 21. Rxe7 Bf6 22. Re4 g5 23. Rd1 Bf5 24. Ree1 Qb6 25. c5 Qc6 26. b4 Rfe8 27. Qb3+ Kg7 28. h3 Be4 29. Rc1 Bd5 30. Qc2 Bxf3 31. gxf3 Qxf3 32. Qf5 Qh5 33. Bxf4 Rad8 34. Bd6 Qf7 35. Qc2 Qd7 36. Kg2 Qc6+ 37. f3 Rxe1 38. Rxe1 Rxd6 39. b5 Qc8 40. Qc4 d3 41. Rd1 Rd4 42. Qc1 Qe6 43. Rd2 Rc4 44. Qd1 Rxc5 45. Rxd3 Rc7 46. Qd2 Re7 47. Qf2 Qc4 48. Qd2 Qxa4 49. Rd7 Qxb5 50. Rxe7+ Bxe7 51. Qc3+ Kg6 52. Qc2+ Kh6 53. Qe4 Qd7 54. Qe3 b6 55. h4 Kh5 56. hxg5 Bxg5 57. Qe5 Qd2+ 58. Kf1 Qe3 59. Qg3 Qf4 60. Qh3+ Bh4 61. Ke2 Qc4+ 62. Kd2 Qd4+ 63. Ke2 Qe5+ 64. Kd2 Qf4+ 65. Ke2 b5 66. Qd7 Qc4+ 67. Kd1 Qf1+ 68. Kc2 Qe2+ 69. Kb1 Qf1+ 70. Kc2 Qg2+ 71. Kb1 Qg6+ 72. Ka2 a6 73. Qd5+ Bg5 74. Qb7 Qc2+ 75. Ka3 Bc1+ 76. Kb4 Bd2+ 77. Ka3 b4+ 0-1

[Event "Hong Kong-ch"]
[Site "Hong Kong"]
[Date "2014.04.28"]
[Round "10"]
[White "Luk, Luen Wah"]
[Black "Tsang, Hon Ki"]
[Result "0-1"]
[WhiteElo "2142"]
[BlackElo "2116"]
[PlyCount "120"]
[EventDate "2014.03.17"]
[EventType "tourn"]
[EventRounds "11"]
[EventCountry "HKG"]
[SourceTitle "EXT 2018"]
[Source "ChessBase"]
[SourceDate "2017.10.13"]
[SourceVersion "1"]
[SourceVersionDate "2017.10.13"]
[SourceQuality "1"]

1. Nf3 d5 2. c4 d4 3. g3 Nc6 4. Bg2 e5 5. d3 Bb4+ 6. Nbd2 Nf6 7. a3 Bxd2+ 8. Bxd2 a5 9. 0-0 0-0 10. b4 Re8 11. b5 Nb8 12. e3 Bf5 13. e4 Bg4 14. h3 Bxf3 15. Bxf3 Nbd7 16. Bg2 Nc5 17. Be1 Nfd7 18. f4 Qe7 19. f5 Qg5 20. Rf3 a4 21. Bd2 Qd8 22. Ra2 c6 23. bxc6 bxc6 24. g4 Nb3 25. Be1 Qg5 26. Kh2 Ndc5 27. Bf1 Qc1 28. Qxc1 Nxc1 29. Rc2 N1b3 30. g5 f6 31. Rg2 Kf7 32. Rfg3 Rg8 33. Be2 Nc1 34. Bb4 Nd7 35. Bh5+ g6 36. fxg6+ hxg6 37. Bg4 Nf8 38. gxf6 Nb3 39. Rf2 c5 40. Be1 Ra6 41. Rgf3 Rd6 42. Bc8 Rb6 43. Rf1 g5 44. Rf5 g4 45. Rxe5 Ng6 46. Rh5 Rxc8 47. Rh7+ Ke6 48. hxg4 Nc1 49. Rh6 Rb2+ 50. Kh3 Kf7 51. Rh7+ Ke6 52. Bh4 Nxd3 53. Rg7 Ndf4+ 54. Kg3 Rb3+ 55. Rf3 Ne2+ 56. Kf2 Rxf3+ 57. Kxf3 Ng1+ 58. Kg2 Nxh4+ 59. Kxg1 Kxf6 60. Rh7 Ke5 0-1

[Event "Hong Kong-ch"]
[Site "Hong Kong"]
[Date "2014.04.10"]
[Round "6"]
[White "Muniz Pardino, Alberto"]
[Black "Tsang, Hon Ki"]
[Result "1-0"]
[WhiteElo "2097"]
[BlackElo "2116"]
[PlyCount "85"]
[EventDate "2014.03.17"]
[EventType "tourn"]
[EventRounds "11"]
[EventCountry "HKG"]
[SourceTitle "EXT 2018"]
[Source "ChessBase"]
[SourceDate "2017.10.13"]
[SourceVersion "1"]
[SourceVersionDate "2017.10.13"]
[SourceQuality "1"]

1. e4 e5 2. Nf3 Nc6 3. Bb5 a6 4. Ba4 Nf6 5. d3 b5 6. Bb3 Be7 7. 0-0 d6 8. a4 Bg4 9. c3 0-0 10. h3 Bd7 11. Nbd2 Na5 12. Bc2 c5 13. Re1 Qc7 14. Nf1 Rfb8 15. axb5 axb5 16. g4 b4 17. Ng3 c4 18. d4 b3 19. Bb1 Nc6 20. Rxa8 Rxa8 21. d5 Nb8 22. Nf5 Bf8 23. Bg5 Bxf5 24. exf5 Nbd7 25. Be4 Ra2 26. Qd2 Qa5 27. Bxf6 Nxf6 28. g5 Nh5 29. g6 hxg6 30. fxg6 fxg6 31. Bxg6 Nf4 32. Bf5 Ra1 33. Be6+ Kh8 34. Kh2 Rxe1 35. Nxe1 Qa1 36. Ng2 Nxe6 37. dxe6 Qb1 38. Qg5 Qxb2 39. Qh5+ Kg8 40. Qf7+ Kh7 41. Qxf8 Qa3 42. e7 d5 43. Qf5+ 1-0

[Event "Hong Kong-ch"]
[Site "Hong Kong"]
[Date "2014.04.05"]
[Round "1"]
[White "Gurung, Mohan Kumar"]
[Black "Tsang, Hon Ki"]
[Result "0-1"]
[WhiteElo "1706"]
[BlackElo "2116"]
[PlyCount "70"]
[EventDate "2014.03.17"]
[EventType "tourn"]
[EventRounds "11"]
[EventCountry "HKG"]
[SourceTitle "EXT 2018"]
[Source "ChessBase"]
[SourceDate "2017.10.13"]
[SourceVersion "1"]
[SourceVersionDate "2017.10.13"]
[SourceQuality "1"]

1. e4 c5 2. d4 cxd4 3. c3 dxc3 4. Nxc3 Nc6 5. Nf3 d6 6. Bc4 a6 7. Qe2 Nf6 8. 0-0 Bg4 9. Rd1 e6 10. Bf4 Qb8 11. h3 Bxf3 12. gxf3 Be7 13. Rac1 0-0 14. Bb3 Rc8 15. Kh1 b5 16. Rg1 Kh8 17. Qe3 Qa7 18. Rcd1 Ne5 19. Bxe5 Qxe3 20. fxe3 dxe5 21. Rd3 g6 22. Rgd1 Kg7 23. Kg2 Rc7 24. Kf2 Rac8 25. a3 Bxa3 26. Nxb5 axb5 27. bxa3 Ra8 28. Ra1 Nd7 29. Bd1 Nc5 30. Rd2 f5 31. exf5 exf5 32. Rc2 Nd3+ 33. Ke2 Re7 34. Rd2 Rd8 35. Raa2 Nc1+ 0-1